000 00601nam a22002297a 4500
003 UA-OsUOA
001 65686
007 ta
008 20091204b un ||||| |||| 00| 0 ukr d
100 _aКосмач Ц.
090 _a821.161.2
_bК71
942 _cBK
040 _aUA-OsUOA
_bukr
_cUA-OsUOA
_dUA-OsUOA
245 _aБалада про сурму та хмаринку
300 _a285 с.
955 _a2
041 _aukr
080 _a821.161.2
260 _aК.
_bДніпро
_c1983
650 7 _a82 Література. Літературознавство
_2UDC
999 _c351810
_d351810